00423nam a2200157Ia 45000010006000000050017000060080041000230410008000640820013000721000031000852450098001162600009002143000026002236500008002496540008002571575420260306170219.0260306t2012||||xx |||||||||||||| ||und|| aESP a607bA57 aUniversidad AnáhuaceAUT 0aFrontera del conocimiento e innovación:bOctavo Simposio Anáhuac en Investigación, 2012 c2012 a15 páginas :c32cm. aGEN aCHU